| 000 | 00872cam a2200301 a 4500 | ||
|---|---|---|---|
| 001 | 7027 | ||
| 003 | FISKH | ||
| 005 | 20250619092525.0 | ||
| 008 | 980924s1999 nyua a 000 0 eng | ||
| 010 | _a 98044739 | ||
| 020 | _a0688160085 (trade) | ||
| 020 | _a9780688160081 | ||
| 020 | _a0688160093 (lib. bdg.) | ||
| 040 |
_aDLC _cDLC _dDLC _beng |
||
| 050 | _aQA113 .H614 | ||
| 082 | _a513.2 | ||
| 100 | 1 | _aHoban, Tana. | |
| 245 | 1 | 0 |
_aLet's count / _cby Tana Hoban. |
| 260 |
_aNew York : _bGreenwillow Books, _c1999. |
||
| 300 |
_a20 unnumbered pages : _bcolor illustrations ; _c24 x 30 cm. |
||
| 505 | _aNP | ||
| 520 | _aPhotographs and dots introduce the numbers one to one hundred. | ||
| 650 | 0 |
_aCounting _xJuvenile literature. |
|
| 650 | 1 | _aCounting. | |
| 906 |
_a7 _bcbc _corignew _d1 _eocip _f19 _gy-gencatlg |
||
| 942 |
_2ddc _cBK _n0 |
||
| 999 |
_c7027 _d7027 |
||